Controlling insects and diseases of the pecan (Record no. 12140)

MARC details
000 -LEADER
fixed length control field 01107cam a2200265 4500
001 - CONTROL NUMBER
control field agr67000020
003 - CONTROL NUMBER IDENTIFIER
control field DLC
005 - DATE AND TIME OF LATEST TRANSACTION
control field 20260227111025.0
008 - FIXED-LENGTH DATA ELEMENTS--GENERAL INFORMATION
fixed length control field 690717s1966 dcua 000 0 eng c
010 ## - LIBRARY OF CONGRESS CONTROL NUMBER
LC control number agr67000020
040 ## - CATALOGING SOURCE
Original cataloging agency U.S. Nat'l Agr. Libr.
Transcribing agency DLC
Modifying agency DLC
050 00 - LIBRARY OF CONGRESS CALL NUMBER
Classification number SB608.P45
Item number O8 1966
070 0# - NATIONAL AGRICULTURAL LIBRARY CALL NUMBER
Classification number 1 Ag84Ah no. 240 1966
100 1# - MAIN ENTRY--PERSONAL NAME
Personal name Osburn, Max Raymond,
Dates associated with a name 1901-
245 10 - TITLE STATEMENT
Title Controlling insects and diseases of the pecan
Statement of responsibility, etc. [by M. R. Osburn and others.
250 ## - EDITION STATEMENT
Edition statement Rev.
260 ## - PUBLICATION, DISTRIBUTION, ETC.
Place of publication, distribution, etc. Washington]
Name of publisher, distributor, etc. U.S. Dept. of Agriculture; [for sale by the Superintendent of Documents, U.S. Govt. Print. Off.,
Date of publication, distribution, etc. 1966]
300 ## - PHYSICAL DESCRIPTION
Extent 55 p.
Other physical details illus.
Dimensions 24 cm.
490 1# - SERIES STATEMENT
Series statement Agriculture handbook no. 240
500 ## - GENERAL NOTE
General note Replaces his Insects and diseases of the pecan and their control, issued as U.S. Dept. of Agriculture. Farmers' bulletin 1829.
650 #0 - SUBJECT ADDED ENTRY--TOPICAL TERM
Topical term or geographic name entry element Pecan
General subdivision Diseases and pests.
650 #3 - SUBJECT ADDED ENTRY--TOPICAL TERM
Topical term or geographic name entry element Pecan
General subdivision Pests.
700 1# - ADDED ENTRY--PERSONAL NAME
Personal name Osburn, Max Raymond,
Dates associated with a name 1901-
Title of a work Insects and diseases of the pecan and their control.
830 #0 - SERIES ADDED ENTRY--UNIFORM TITLE
Uniform title Agriculture handbook (United States. Department of Agriculture) ;
Volume/sequential designation no. 240.

No items available.

Powered by Koha